[Event "POL-chT 2nd League"]
[Site "Szklarska Poreba"]
[Date "2017.09.04"]
[Round "3.13"]
[White "Wierzbowska, Aleksandra"]
[Black "Moscicka, Pola"]
[Result "1/2-1/2"]
[WhiteElo "1694"]
[BlackElo "1894"]
[PlyCount "60"]
[EventDate "2017.09.02"]
[EventType "team-swiss"]
[EventRounds "9"]
[EventCountry "POL"]
[SourceTitle "CBM 180 Extra"]
[Source "ChessBase"]
[SourceDate "2017.10.06"]
[SourceVersion "1"]
[SourceVersionDate "2017.10.06"]
[SourceQuality "1"]
[WhiteTeam "Ostroda Ostrodzianka"]
[BlackTeam "Chylice Laura"]
[WhiteTeamCountry "POL"]
[BlackTeamCountry "POL"]

1. d4 Nf6 2. c4 c5 3. d5 e6 4. Nc3 exd5 5. cxd5 d6 6. e4 g6 7. Bd3 Bg7 8. Nf3 0-0 9. h3 a6 10. a4 Nbd7 11. Bf4 Qe7 12. 0-0 Ne8 13. Qc2 Nc7 14. Ne2 Rb8 15. a5 Ne8 16. Rfe1 b5 17. axb6 Rxb6 18. Ned4 Bb7 19. Nc6 Bxc6 20. dxc6 Rxc6 21. Rxa6 Rxa6 22. Bxa6 Nc7 23. Bf1 Ne6 24. Be3 Rb8 25. b3 Ne5 26. Nxe5 Bxe5 27. Bc4 Rb4 28. Qa2 Qc7 29. Bd2 Rb7 30. Be3 Rb4 1/2-1/2

[Event "POL-chT 2nd League"]
[Site "Szklarska Poreba"]
[Date "2017.09.03"]
[Round "2.8"]
[White "Richterova, Natasa"]
[Black "Wierzbowska, Aleksandra"]
[Result "1-0"]
[WhiteElo "2188"]
[BlackElo "1694"]
[PlyCount "141"]
[EventDate "2017.09.02"]
[EventType "team-swiss"]
[EventRounds "9"]
[EventCountry "POL"]
[SourceTitle "CBM 180 Extra"]
[Source "ChessBase"]
[SourceDate "2017.10.06"]
[SourceVersion "1"]
[SourceVersionDate "2017.10.06"]
[SourceQuality "1"]
[WhiteTeam "Pawlowice Gminy"]
[BlackTeam "Ostroda Ostrodzianka"]
[WhiteTeamCountry "POL"]
[BlackTeamCountry "POL"]

1. e4 c5 2. Nf3 Nc6 3. d4 cxd4 4. Nxd4 e5 5. Nb5 d6 6. c4 Be7 7. N1c3 a6 8. Na3 f5 9. Bd3 f4 10. Nd5 Nf6 11. Nxf6+ Bxf6 12. Nc2 0-0 13. Be2 Be6 14. b3 Bh4 15. Qd3 Qe7 16. Ba3 Rad8 17. Rd1 Qf7 18. Bxd6 Be7 19. c5 b6 20. Qxa6 Bxd6 21. cxd6 Qg6 22. Bf3 Bg4 23. Qe2 Bxf3 24. Qxf3 Rxd6 25. 0-0 Rfd8 26. Rxd6 Qxd6 27. Qc3 Rc8 28. Qc4+ Kh8 29. Ne1 Rc7 30. Qa6 Nb8 31. Qd3 Qe7 32. Nf3 Nd7 33. h3 g5 34. Rd1 h5 35. h4 gxh4 36. Qd6 Nf6 37. Qxe7 Rxe7 38. Nxh4 Kh7 39. f3 Ra7 40. a4 Nd7 41. Rd6 Rb7 42. b4 Kg7 43. Nf5+ Kf7 44. a5 bxa5 45. bxa5 Nb8 46. Rd8 Rb1+ 47. Kh2 Nc6 48. Ra8 Ra1 49. a6 Kg6 50. Nd6 Kg5 51. Nb5 Kh4 52. Nd6 Ra2 53. Nc4 Ra4 54. Nb6 Ra1 55. Nd7 Ra2 56. Re8 Nd4 57. Nxe5 Rxa6 58. Nd3 Ra2 59. Ne5 Ra6 60. Rd8 Ne2 61. Rd1 Ra2 62. Ng6+ Kg5 63. Ne7 Kh4 64. Nf5+ Kg5 65. Nd4 Ng3 66. Ne6+ Kf6 67. Nxf4 h4 68. Re1 Rf2 69. e5+ Kf5 70. e6 Ra2 71. e7 1-0

[Event "POL-ch U16 Girls"]
[Site "Karpacz"]
[Date "2015.??.??"]
[Round "6"]
[White "Wierzbowska, Aleksandra"]
[Black "Pluta, Natalia"]
[Result "1/2-1/2"]
[WhiteElo "1458"]
[BlackElo "1584"]
[PlyCount "58"]
[EventDate "2015.03.??"]
[EventType "swiss"]
[EventRounds "9"]
[EventCountry "POL"]
[SourceTitle "EXT 2017"]
[Source "ChessBase"]
[SourceDate "2016.10.25"]
[SourceVersion "1"]
[SourceVersionDate "2016.10.25"]
[SourceQuality "1"]

1. d4 d5 2. c4 e6 3. cxd5 exd5 4. Nc3 c6 5. Qc2 Ne7 6. Bg5 f6 7. Bf4 Bf5 8. Qd2 Ng6 9. Bg3 Bd6 10. e3 Na6 11. a3 Bxg3 12. hxg3 Nc7 13. Bd3 Qd7 14. Qc2 Ne7 15. Nge2 Bxd3 16. Qxd3 Qf5 17. Qd2 0-0 18. Na4 Ne6 19. Qb4 Rfe8 20. Qxb7 Qc2 21. Qa6 Nf5 22. Rc1 Qe4 23. 0-0 Nxe3 24. fxe3 Qxe3+ 25. Kh2 Qh6+ 26. Kg1 Qe3+ 27. Kh2 Qh6+ 28. Kg1 Qe3+ 29. Kh2 Qh6+ 1/2-1/2

[Event "Polanica Zdroj op-D 49th"]
[Site "Polanica Zdroj"]
[Date "2013.08.18"]
[Round "2"]
[White "Wierzbowska, Aleksandra"]
[Black "Jarmuzynska, Kamila"]
[Result "0-1"]
[WhiteElo "1399"]
[BlackElo "1763"]
[PlyCount "86"]
[EventDate "2013.08.17"]
[EventType "swiss"]
[EventRounds "9"]
[EventCountry "POL"]
[SourceTitle "EXT 2014"]
[Source "ChessBase"]
[SourceDate "2013.11.20"]
[SourceVersion "1"]
[SourceVersionDate "2013.11.20"]
[SourceQuality "1"]

1. d4 Nf6 2. c4 g6 3. Nc3 Bg7 4. e4 0-0 5. e5 Ne8 6. Bd3 c5 7. Be4 cxd4 8. Qxd4 Nd6 9. Bh6 Bxh6 10. exd6 e6 11. Nge2 Nc6 12. Qd3 f5 13. Qh3 Bg7 14. Bb1 Qb6 15. b3 Nd4 16. Na4 Qxd6 17. Nec3 Qa3 18. Kd1 Nxb3 19. axb3 Qxa1 20. Kd2 Qa3 21. Bc2 Qd6+ 22. Kc1 a6 23. c5 Qf4+ 24. Kb1 Qxf2 25. Rd1 Qf4 26. Nb6 Rb8 27. Nca4 Qe5 28. Ka2 Rd8 29. Nc4 Qe2 30. Kb1 Qg4 31. Qxg4 fxg4 32. Nd6 b5 33. Nb6 Bb7 34. Nxb7 Rxb7 35. c6 Rxb6 36. Be4 d5 37. Bxd5 exd5 38. Rxd5 Rxd5 39. c7 Rc6 40. Ka2 b4 41. g3 Rd2+ 42. Kb1 Rb2+ 43. Ka1 Rc1# 0-1

[Event "POL Olympiad U14"]
[Site "Walbrzych"]
[Date "2013.??.??"]
[Round "6.18"]
[White "Popiel, Natalia"]
[Black "Wierzbowska, Aleksandra"]
[Result "0-1"]
[WhiteElo "1316"]
[BlackElo "1405"]
[PlyCount "50"]
[EventDate "2013.04.??"]
[EventType "team-swiss"]
[EventRounds "9"]
[EventCountry "POL"]
[SourceTitle "EXT 2014"]
[Source "ChessBase"]
[SourceDate "2013.11.20"]
[SourceVersion "1"]
[SourceVersionDate "2013.11.20"]
[SourceQuality "1"]

1. e4 c5 2. Nf3 Nc6 3. d4 cxd4 4. Nxd4 e5 5. Nf3 Nf6 6. Nc3 Bb4 7. Bd2 Bxc3 8. Bxc3 Nxe4 9. Bxe5 Nxe5 10. Qe2 Qa5+ 11. c3 Kd8 12. Qxe4 Re8 13. Qh4+ f6 14. Be2 Nxf3+ 15. gxf3 Qb5 16. 0-0 Qxe2 17. Rae1 Qxf3 18. Rxe8+ Kxe8 19. Re1+ Kd8 20. Qxh7 Qg4+ 21. Kf1 b6 22. Qg8+ Kc7 23. b3 Ba6+ 24. Qc4+ Bxc4+ 25. bxc4 Qxc4+ 0-1

[Event "Solina Mind Sports U14 Girls op "]
[Site "Solina"]
[Date "2012.04.19"]
[Round "7"]
[White "Wierzbowska, Aleksandra"]
[Black "Wojna, Ewelina"]
[Result "1/2-1/2"]
[WhiteElo "1486"]
[BlackElo "1595"]
[PlyCount "117"]
[EventDate "2012.04.15"]
[EventType "swiss"]
[EventRounds "9"]
[EventCountry "POL"]
[SourceTitle "EXT 2014"]
[Source "ChessBase"]
[SourceDate "2013.11.20"]
[SourceVersion "1"]
[SourceVersionDate "2013.11.20"]
[SourceQuality "1"]

1. d4 d5 2. Nc3 Nf6 3. Bf4 a6 4. e3 Bf5 5. Bd3 Bxd3 6. cxd3 e6 7. Nf3 Bd6 8. Ne5 Nbd7 9. 0-0 0-0 10. Qf3 c5 11. Nxd7 Qxd7 12. Bxd6 Qxd6 13. dxc5 Qxc5 14. d4 Qb4 15. Rab1 Rac8 16. Qh3 Rc6 17. f4 Qd6 18. Rf3 Ne4 19. Nxe4 dxe4 20. Rf2 Rfc8 21. Rff1 Rc2 22. f5 exf5 23. Qxf5 Qg6 24. Qh3 h6 25. b3 R8c7 26. a4 Qc6 27. Rfd1 Qd5 28. Rf1 R2c3 29. Qg3 Rc8 30. Qg4 R8c6 31. Qf4 Rxb3 32. Rxb3 Qxb3 33. Qxe4 Re6 34. Qf4 Qxe3+ 35. Qxe3 Rxe3 36. Rd1 Kf8 37. Kf2 Ra3 38. d5 Ke7 39. Rb1 b5 40. axb5 axb5 41. Rxb5 Ra6 42. Rb7+ Kf6 43. Rd7 Ke5 44. Rxf7 Rf6+ 45. Rxf6 Kxf6 46. Kf3 Ke5 47. Kg4 g6 48. h4 Kxd5 49. Kf4 Ke6 50. g3 Kf6 51. g4 Ke6 52. Ke4 h5 53. g5 Kd6 54. Kd4 Ke6 55. Kc5 Ke5 56. Kc6 Ke6 57. Kc5 Ke5 58. Kc6 Ke6 59. Kc5 1/2-1/2